[Event "FRA-chT2 0910"]
[Site "France"]
[Date "2009.11.22"]
[Round "4.3"]
[White "Bouillot, Serge"]
[Black "Renault, Fabien"]
[Result "1/2-1/2"]
[WhiteElo "2185"]
[BlackElo "2190"]
[PlyCount "35"]
[EventDate "2009.09.27"]
[EventType "team-tourn"]
[EventRounds "11"]
[EventCountry "FRA"]
[SourceTitle "EXT 2011"]
[Source "ChessBase"]
[SourceDate "2010.11.26"]
[SourceVersion "1"]
[SourceVersionDate "2010.11.26"]
[SourceQuality "1"]

1. e4 c5 2. d3 Nc6 3. g3 g6 4. Bg2 Bg7 5. f4 d6 6. Nf3 e5 7. 0-0 Nge7 8. fxe5 dxe5 9. Be3 Nd4 10. c3 Ne6 11. Bh3 b6 12. c4 0-0 13. Nc3 f5 14. Nh4 Nd4 15. Bg5 Bf6 16. Bxf6 Rxf6 17. Nd5 Nxd5 18. cxd5 1/2-1/2

[Event "FRA-chT2 West 0809"]
[Site "France"]
[Date "2008.12.14"]
[Round "4.3"]
[White "Passager, Jean Pierre"]
[Black "Renault, Fabien"]
[Result "0-1"]
[WhiteElo "2229"]
[BlackElo "2137"]
[PlyCount "58"]
[EventDate "2008.10.19"]
[EventType "team-tourn"]
[EventRounds "11"]
[EventCountry "FRA"]
[SourceTitle "EXT 2010"]
[Source "ChessBase"]
[SourceDate "2010.11.25"]
[SourceVersion "1"]
[SourceVersionDate "2010.11.25"]
[SourceQuality "1"]
[WhiteTeam "Echiquier Bordelais"]
[BlackTeam "Agneaux Saint Lo"]
[WhiteTeamCountry "FRA"]
[BlackTeamCountry "FRA"]

1. d4 c5 2. d5 f5 3. g3 Nf6 4. Bg2 g6 5. c4 Bg7 6. Nc3 d6 7. Nh3 0-0 8. Nf4 Na6 9. h4 Nc7 10. h5 Nxh5 11. Nxh5 gxh5 12. Bg5 b5 13. cxb5 Rb8 14. Qa4 h6 15. Bd2 Bd7 16. Qh4 Nxb5 17. Nxb5 Rxb5 18. Qxh5 Qe8 19. Qh4 Rxb2 20. Bxh6 Qg6 21. Bf4 Bf6 22. Qh3 Rfb8 23. Rc1 Rb1 24. Bf3 Rxc1+ 25. Bxc1 Rb1 26. Kd2 Bg5+ 27. e3 Qg7 28. Ba3 Qd4+ 29. Ke2 Rxh1 0-1

[Event "FRA-chT2 West 0607"]
[Site "France"]
[Date "2007.04.01"]
[Round "11.4"]
[White "Mayaud, Raphael"]
[Black "Renault, Fabien"]
[Result "0-1"]
[WhiteElo "2219"]
[BlackElo "2124"]
[PlyCount "123"]
[EventDate "2006.10.15"]
[EventType "team"]
[EventRounds "11"]
[EventCountry "FRA"]
[SourceTitle "EXT 2008"]
[Source "ChessBase"]
[SourceDate "2007.11.25"]
[SourceVersion "1"]
[SourceVersionDate "2007.11.25"]
[SourceQuality "1"]
[WhiteTeam "Chess XV II"]
[BlackTeam "Agneaux Saint Lo"]
[WhiteTeamCountry "FRA"]
[BlackTeamCountry "FRA"]

1. d4 c5 2. e3 e6 3. Nf3 Nf6 4. Bd3 d5 5. b3 b6 6. 0-0 Be7 7. Nbd2 cxd4 8. exd4 Ba6 9. Ne5 Bxd3 10. cxd3 0-0 11. f4 Nfd7 12. f5 Nxe5 13. dxe5 exf5 14. Rxf5 Qd7 15. Rh5 g6 16. Rh3 Bc5+ 17. Kh1 Bd4 18. Ba3 Bxa1 19. Qxa1 Re8 20. Nf3 Nc6 21. d4 f6 22. exf6 Qe6 23. Rxh7 Qxf6 24. Rd7 Re6 25. Rxd5 Rae8 26. Kg1 Qf4 27. Qf1 Re2 28. Bc1 Qxf3 29. gxf3 Re1 30. Qxe1 Rxe1+ 31. Kf2 Rxc1 32. Rd6 Kf7 33. d5 Nb4 34. Rd7+ Kf6 35. a4 Rd1 36. Rxa7 Rxd5 37. Rb7 Rd6 38. Kg1 Nd5 39. Rb8 Rc6 40. a5 bxa5 41. Rb5 Nc3 42. Rxa5 Rb6 43. h4 Ne2+ 44. Kf2 Nf4 45. Ra3 Nh5 46. Ke3 Rb4 47. Ra6+ Kg7 48. Ra4 Rxb3+ 49. Kf2 Rb2+ 50. Ke3 Rb3+ 51. Kf2 Kh6 52. Rg4 Ng7 53. Kg2 Nf5 54. Kf2 Rb2+ 55. Kg1 Rd2 56. Kh1 Rf2 57. Rf4 Kh5 58. Kg1 Rd2 59. Rg4 Nxh4 60. Rg3 Nf5 61. Rg4 Nd4 62. Rg2 0-1

[Event "FRA-chT2A 0506"]
[Site "France"]
[Date "2006.04.01"]
[Round "10.3"]
[White "Renault, Fabien"]
[Black "Crouan, Stephane"]
[Result "1/2-1/2"]
[WhiteElo "2104"]
[BlackElo "2226"]
[PlyCount "72"]
[EventDate "2005.10.27"]
[EventType "team-tourn"]
[EventRounds "11"]
[EventCountry "FRA"]
[SourceTitle "EXT 2006"]
[Source "ChessBase"]
[SourceDate "2005.11.24"]
[SourceVersion "1"]
[SourceVersionDate "2005.11.24"]
[SourceQuality "1"]
[WhiteTeam "Saint Lo"]
[BlackTeam "Niort"]
[WhiteTeamCountry "FRA"]
[BlackTeamCountry "FRA"]

1. e4 e5 2. Nf3 Nc6 3. d4 exd4 4. Nxd4 Bc5 5. Be3 Qf6 6. c3 Qg6 7. Qe2 Nf6 8. Nb5 Bd6 9. Nxd6+ cxd6 10. Nd2 0-0 11. 0-0-0 Re8 12. Qd3 d5 13. exd5 Qxd3 14. Bxd3 Nxd5 15. Bc5 Nf4 16. Bf1 d5 17. g3 Ne6 18. Be3 d4 19. cxd4 Nexd4 20. Nc4 Nf5 21. Bd3 Nb4 22. a3 Nxd3+ 23. Rxd3 Be6 24. Nd6 Red8 25. Rhd1 Nxe3 26. Rxe3 Rd7 27. Ne4 Rc8+ 28. Rc3 Rxc3+ 29. Nxc3 Kf8 30. Rxd7 Bxd7 31. Kd2 Ke7 32. Ke3 Ke6 33. Ke4 Bc6+ 34. Kf4 Kd6 35. b4 b6 36. h4 a5 1/2-1/2

[Event "Brokstad Memorial"]
[Site "Norway"]
[Date "2003.??.??"]
[Round "2"]
[White "Renault, Fabien"]
[Black "Lillelokken, Kjell Arne"]
[Result "1/2-1/2"]
[WhiteElo "1940"]
[BlackElo "1905"]
[PlyCount "59"]
[EventDate "2003.??.??"]
[EventType "swiss"]
[EventRounds "5"]
[EventCountry "NOR"]
[SourceTitle "EXT 2007"]
[Source "ChessBase"]
[SourceDate "2006.11.23"]
[SourceVersion "1"]
[SourceVersionDate "2006.11.23"]
[SourceQuality "1"]

1. e4 e6 2. b3 d5 3. Bb2 dxe4 4. Nc3 Nf6 5. Qe2 Be7 6. Nxe4 Nxe4 7. Qxe4 Bf6 8. d4 0-0 9. Nf3 Qd5 10. Bd3 Qxe4+ 11. Bxe4 Nd7 12. 0-0-0 c6 13. Ne5 a5 14. a4 Rd8 15. f4 Nb6 16. c4 Be7 17. Rhe1 Bd7 18. Bc3 Be8 19. Re3 Nd7 20. Nxd7 Bxd7 21. g4 b6 22. g5 Rac8 23. Rh3 g6 24. Rhd3 Be8 25. Kd2 c5 26. d5 exd5 27. Bxd5 Bd7 28. Ke3 Bf5 29. Be4 Bg4 30. Bf3 1/2-1/2

[Event "FRA-chT3 01"]
[Site "France"]
[Date "2000.11.19"]
[Round "3"]
[White "Le Berre, Florian"]
[Black "Renault, Fabien"]
[Result "0-1"]
[WhiteElo "1770"]
[BlackElo "2060"]
[PlyCount "30"]
[EventDate "2001.??.??"]
[EventType "team"]
[EventRounds "9"]
[EventCountry "FRA"]
[SourceTitle "EXT 2002"]
[Source "ChessBase"]
[SourceDate "2001.11.25"]
[SourceVersion "1"]
[SourceVersionDate "2001.11.25"]
[SourceQuality "1"]
[WhiteTeam "Brest"]
[BlackTeam "Agneaux Saint Lo"]
[WhiteTeamCountry "FRA"]
[BlackTeamCountry "FRA"]

1. e4 c5 2. Nc3 a6 3. g3 b5 4. Bg2 Bb7 5. d3 e6 6. f4 d5 7. e5 Ne7 8. g4 Ng6 9. Nge2 Nh4 10. Bxd5 Bxd5 11. Nxd5 Qxd5 12. Ng3 Nc6 13. Rf1 Nd4 14. Be3 Ndf3+ 15. Kf2 Nxh2 0-1

[Event "Agneaux St Lo"]
[Site "Agneaux"]
[Date "2000.06.30"]
[Round "7"]
[White "Huisman, Hugues"]
[Black "Renault, Fabien"]
[Result "1/2-1/2"]
[WhiteElo "1790"]
[BlackElo "2060"]
[PlyCount "33"]
[EventDate "2000.06.26"]
[EventType "tourn"]
[EventRounds "9"]
[EventCountry "FRA"]
[SourceTitle "EXT 2003"]
[Source "ChessBase"]
[SourceDate "2002.11.25"]
[SourceVersion "1"]
[SourceVersionDate "2002.11.25"]
[SourceQuality "1"]

1. Nf3 Nf6 2. g3 g6 3. Bg2 Bg7 4. 0-0 d5 5. d3 0-0 6. Nbd2 c6 7. c4 Nbd7 8. cxd5 Nxd5 9. Ne4 h6 10. Qb3 Kh7 11. Nc3 N7b6 12. Nd2 e5 13. Nc4 Be6 14. Nxd5 Bxd5 15. Bxd5 Qxd5 16. Be3 Nxc4 17. dxc4 1/2-1/2

[Event "Agneaux St Lo"]
[Site "Agneaux"]
[Date "2000.06.27"]
[Round "3"]
[White "Renault, Fabien"]
[Black "Beneteau, Hubert"]
[Result "1/2-1/2"]
[WhiteElo "2060"]
[BlackElo "2089"]
[PlyCount "37"]
[EventDate "2000.06.26"]
[EventType "tourn"]
[EventRounds "9"]
[EventCountry "FRA"]
[SourceTitle "EXT 2003"]
[Source "ChessBase"]
[SourceDate "2002.11.25"]
[SourceVersion "1"]
[SourceVersionDate "2002.11.25"]
[SourceQuality "1"]

1. e4 e6 2. d4 d5 3. e5 c5 4. c3 Qb6 5. Nf3 Nc6 6. Bd3 cxd4 7. cxd4 Bd7 8. 0-0 Nxd4 9. Nxd4 Qxd4 10. Nc3 a6 11. Qe2 Ne7 12. Kh1 Nc6 13. f4 Bc5 14. a3 b5 15. Nd1 Qa4 16. Nc3 Qd4 17. Nd1 Qa4 18. Nc3 Qd4 19. Nd1 1/2-1/2

[Event "FRA-chT U18"]
[Site "France"]
[Date "1996.??.??"]
[Round "?"]
[White "Taddei, Benoit"]
[Black "Renault, Fabien"]
[Result "1-0"]
[WhiteElo "2050"]
[BlackElo "1920"]
[PlyCount "59"]
[EventDate "1996.??.??"]
[EventType "team"]
[EventRounds "11"]
[EventCountry "FRA"]
[SourceTitle "EXT 2004"]
[Source "ChessBase"]
[SourceDate "2003.11.25"]
[SourceVersion "1"]
[SourceVersionDate "2003.11.25"]
[SourceQuality "1"]

1. e4 c5 2. Nf3 d6 3. b4 cxb4 4. d4 Nf6 5. Bd3 Bg4 6. Nbd2 Nc6 7. h3 Bh5 8. g4 Bg6 9. d5 Nb8 10. Nd4 Nbd7 11. f4 h6 12. h4 Nc5 13. f5 Bh7 14. g5 Nfd7 15. g6 fxg6 16. Ne6 Qc8 17. Bb2 Nxe6 18. fxe6 Nf6 19. Bb5+ Kd8 20. Bd4 g5 21. Bd3 gxh4 22. a3 Nxe4 23. Nxe4 Bxe4 24. Bxe4 Qc4 25. Qd3 Qxd3 26. Bxd3 bxa3 27. Rxa3 b6 28. Bxb6+ Kc8 29. Ba6+ Kb8 30. Bd8 1-0